[Event "Superfinal (women)"]
[Site "Moscow"]
[Date "2020.12.16"]
[Round "13.1"]
[White "Goryachkina, Aleksandra"]
[Black "Shuvalova, Polina"]
[Result "1/2-1/2"]
[BlackElo "2456"]
[WhiteElo "2593"]
[LiveChessVersion "1.4.8"]

1. c4 {[%clk 0:15:16]} e5 {[%clk 0:15:17]} 2. Nc3 {[%clk 0:15:19]} Nf6
{[%clk 0:15:25]} 3. Nf3 {[%clk 0:15:26]} Nc6 {[%clk 0:15:33]} 4. e4
{[%clk 0:15:32]} Bb4 {[%clk 0:15:39]} 5. d3 {[%clk 0:15:34]} d6 {[%clk 0:15:37]}
6. a3 {[%clk 0:15:39]} Bc5 {[%clk 0:15:41]} 7. b4 {[%clk 0:15:43]} Bb6
{[%clk 0:15:48]} 8. Na4 {[%clk 0:15:49]} Bd4 {[%clk 0:15:57]} 9. Rb1
{[%clk 0:15:56]} Bg4 {[%clk 0:14:51]} 10. Be2 {[%clk 0:16:01]} Bxf3
{[%clk 0:14:46]} 11. Bxf3 {[%clk 0:16:08]} a5 {[%clk 0:14:52]} 1/2-1/2

[Event "Superfinal (women)"]
[Site "Moscow"]
[Date "2020.12.16"]
[Round "14.1"]
[White "Goryachkina, Aleksandra"]
[Black "Shuvalova, Polina"]
[Result "1-0"]
[BlackElo "2456"]
[WhiteElo "2593"]
[LiveChessVersion "1.4.8"]

1. d4 {[%clk 0:04:59]} Nf6 {[%clk 0:03:59]} 2. Nc3 {[%clk 0:04:57]} d5
{[%clk 0:03:59]} 3. Bf4 {[%clk 0:04:55]} e6 {[%clk 0:03:57]} 4. Nb5
{[%clk 0:04:43]} Na6 {[%clk 0:03:56]} 5. e3 {[%clk 0:04:41]} Be7 {[%clk 0:03:54]}
6. Nf3 {[%clk 0:04:34]} O-O {[%clk 0:03:53]} 7. Be2 {[%clk 0:04:24]} c6
{[%clk 0:03:52]} 8. Nc3 {[%clk 0:04:22]} c5 {[%clk 0:03:51]} 9. O-O
{[%clk 0:04:17]} Bd7 {[%clk 0:03:42]} 10. Ne5 {[%clk 0:04:15]} Rc8
{[%clk 0:03:39]} 11. a3 {[%clk 0:04:13]} Nc7 {[%clk 0:03:32]} 12. dxc5
{[%clk 0:04:08]} Bxc5 {[%clk 0:03:23]} 13. Bd3 {[%clk 0:04:07]} a6
{[%clk 0:03:14]} 14. Qf3 {[%clk 0:04:03]} Nb5 {[%clk 0:03:02]} 15. Bg5
{[%clk 0:03:45]} Nxc3 {[%clk 0:02:50]} 16. Bxf6 {[%clk 0:03:16]} Qxf6
{[%clk 0:02:31]} 17. Nxd7 {[%clk 0:03:06]} Qxf3 {[%clk 0:02:27]} 18. gxf3
{[%clk 0:03:05]} Rfd8 {[%clk 0:02:20]} 19. Nxc5 {[%clk 0:03:03]} Rxc5
{[%clk 0:02:19]} 20. bxc3 {[%clk 0:03:02]} Rxc3 {[%clk 0:02:13]} 21. a4
{[%clk 0:03:01]} Rd7 {[%clk 0:02:04]} 22. Rfb1 {[%clk 0:03:00]} g6
{[%clk 0:02:03]} 23. Rb6 {[%clk 0:02:56]} Kg7 {[%clk 0:01:59]} 24. f4
{[%clk 0:02:53]} Kf6 {[%clk 0:01:55]} 25. Rab1 {[%clk 0:02:48]} Rcc7
{[%clk 0:01:50]} 26. Kg2 {[%clk 0:02:46]} h5 {[%clk 0:01:44]} 27. Kf3
{[%clk 0:02:45]} 1-0